000 00334nam a2200145Ia 4500
008 100415s9999 xx 000 0 und d
082 _b11975
_a519.5
100 _aHarper WM
245 _aStatistics
260 _aLONDON
_c1988
_bPITNAM PUBLISHING
365 _b0
630 _aStatistics
730 _aStatistics
942 _cBOOK
999 _c594893
_d594890